What Animals are these Spongebob Characters? #7 - Statistics

General Stats
  • This quiz has been taken 29 times
  • The average score is 5 of 12
Answer Stats
Picture Answer % Correct
Computer
96%
Chicken
84%
Vulture
68%
Coral
56%
Sea Bunny
52%
Blue Whale
48%
Scallop
40%
Moray Eel
28%
Ammonite
24%
Goblin Shark
20%
Grouper
16%
Tylosaurus
4%
No matching quizzes found
Score Distribution
Percent of People with Each Score
Percentile by Number Answered
Your Score History
You have not taken this quiz